| Tag |
First Indicator |
Second Indicator |
Subfields |
| LEADER |
00000cam a2200000Ii 4500 |
| 001 |
in00003607939 |
| 005 |
20160105153012.0 |
| 008 |
150216t20152015enk 000 d eng d |
| 035 |
|
|
|a (OCoLC)ocn908726650
|
| 040 |
|
|
|a CDX
|b eng
|e rda
|c STF
|d OCLCO
|d CDX
|d BDX
|d COO
|d YDXCP
|d OCLCF
|d OCLCO
|d ORX
|d OCLCO
|d IAD
|
| 019 |
|
|
|a 904238600
|
| 020 |
|
|
|a 9781848424807
|q pbk.
|
| 020 |
|
|
|a 1848424809
|q pbk.
|
| 024 |
8 |
|
|a 40025504199
|
| 035 |
|
|
|a (OCoLC)908726650
|
| 043 |
|
|
|a e-uk---
|a e-uk-en
|
| 050 |
|
4 |
|a PR6108.O4685
|b M85 2015
|
| 082 |
0 |
4 |
|a 822/.92
|2 23
|
| 049 |
|
|
|a TXAM
|
| 100 |
1 |
|
|a Hollingworth, John,
|e author.
|
| 245 |
1 |
0 |
|a Multitudes /
|c by John Hollingworth.
|
| 264 |
|
1 |
|a London :
|b Nick Hern Books,
|c 2015.
|
| 264 |
|
4 |
|c ©2015
|
| 300 |
|
|
|a 113 pages ;
|c 20 cm.
|
| 336 |
|
|
|a text
|b txt
|2 rdacontent
|
| 337 |
|
|
|a unmediated
|b n
|2 rdamedia
|
| 338 |
|
|
|a volume
|b nc
|2 rdacarrier
|
| 490 |
1 |
|
|a NHB modern plays
|
| 520 |
|
|
|a "John Hollingworth is a brave man. An actor by trade, he has chosen for his first full-length play to write about multiculturalism: more specifically, the tensions inside a divided Bradford family. But while one could pick holes in his plot, his play is as urgent and immediate as the morning headlines. Hollingworth uses an interrelated quartet to highlight the big issues. Kash is a secular, widowed Muslim keen to stand for parliament and prepared to address a Tory party conference, taking place in Bradford, on the need to rebuild trust. But Kash is beset by problems. On the eve of the conference his partner, Natalie, converts to Islam and gets involved in a women's antiwar sit-in. Meanwhile, Kash's mutinous teenage daughter, Qadira, is drawn into staging a more violent protest in the course of his big speech. As if this weren't enough, Natalie's mother, Lyn, a local Tory bigshot, chooses this moment to air her anti-immigrant views." --
|c theguardian.com
|
| 500 |
|
|
|a "Multitudes was first performed at the Tricycle Theatre, London, on 19 February 2015."
|
| 520 |
|
|
|a "On the eve of a Conservative Party Conference the country is in turmoil and one of its most multicultural cities awaits a visit from the Prime Minister. Kash, a liberal British Muslim, prepares his address to politicians about the state of the nation. His girlfriend Natalie, a recent convert to Islam, cooks for anti-war protesters gathered at the Town Hall. Lyn, her mother, moans to anyone who'll listen about the decline of her cherished England. It's all too much for Kash's daughter Qadira, who begins to plan a radical intervention. As the nation questions immigration policies and military support in the Middle East, one family face their own internal conflict of faith, belonging, and who gets to call themselves British."--Publisher description.
|
| 650 |
|
0 |
|a Muslims
|z Great Britain
|v Drama.
|
| 651 |
|
0 |
|a London (England)
|v Drama.
|
| 650 |
|
7 |
|a Muslims.
|2 fast
|0 (OCoLC)fst01031029
|
| 651 |
|
7 |
|a England
|z London.
|2 fast
|0 (OCoLC)fst01204271
|
| 651 |
|
7 |
|a Great Britain.
|2 fast
|0 (OCoLC)fst01204623
|
| 655 |
|
7 |
|a Drama.
|2 fast
|0 (OCoLC)fst01423879
|
| 710 |
2 |
|
|a Tricycle Theatre.
|
| 830 |
|
0 |
|a NHB Modern Plays.
|
| 938 |
|
|
|a Brodart
|b BROD
|n 112483011
|
| 938 |
|
|
|a Coutts Information Services
|b COUT
|n 30980159
|
| 938 |
|
|
|a YBP Library Services
|b YANK
|n 12311679
|
| 947 |
|
|
|a A14843346710
|
| 945 |
|
|
|a PromptCat
|b 439305
|
| 946 |
|
|
|a stk
|
| 994 |
|
|
|a 92
|b TXA
|
| 948 |
|
|
|a Cataloged
|b h
|c 2016/1/5
|d c
|e AReeder
|
| 999 |
f |
f |
|s 55014be5-74de-382c-a2f5-f59fafc9e48e
|i 001873e4-f17d-3922-8e3b-8123960454f0
|t 0
|
| 952 |
f |
f |
|p normal
|a Texas A&M University
|b College Station
|c Sterling C. Evans Library
|d Evans: Library Stacks
|t 0
|e PR6108.O4685 M85 2015
|h Library of Congress classification
|i unmediated -- volume
|m A14843346710
|
| 998 |
f |
f |
|a PR6108.O4685 M85 2015
|t 0
|l Evans: Library Stacks
|